Sinti und Roma und die deutsche Staatsangehörigkeit /

Saved in:
Bibliographic Details
Main Author: Jansen, Michael.
Format: Book
Language:German
Published: Aachen : Shaker Verlag, 1996.
Series:Berichte aus der Rechtswissenschaft.
Subjects:
Tags: Add Tag
No Tags, Be the first to tag this record!
LEADER 00958nam a2200301 a 4500
001 007180010-7
005 20020606163548.3
008 970318s1996 gw b 000 0 ger d
020 |a 3826554086 
035 0 |a ocm36567778 
035 1 |a NYPGR36567778 
040 |a *CGU*  |c *CGU*  |d NN  |d CStRLIN 
043 |a e-gx--- 
050 4 |a DX229  |b .J367 1996 
100 1 |a Jansen, Michael. 
245 1 0 |a Sinti und Roma und die deutsche Staatsangehörigkeit /  |c Michael Jansen. 
260 |a Aachen :  |b Shaker Verlag,  |c 1996. 
300 |a xxiii, 153 p. ;  |c 21 cm. 
490 1 |a Berichte aus der Rechtswissenschaft 
502 |a Inaugural-Diss.--Friedrich-Wilhelms-Universität, 1995. 
504 |a Includes bibliographical references. 
650 0 |a Romanies  |z Germany  |x History. 
650 0 |a Citizenship  |z Germany. 
651 0 |a Germany  |x Ethnic relations. 
655 7 |a History.  |2 fast 
830 0 |a Berichte aus der Rechtswissenschaft. 
988 |a 20020608 
906 |0 RLIN